| 000 | 00367nam a2200133Ia 4500 | ||
|---|---|---|---|
| 008 | 240624s9999 xx 000 0 und d | ||
| 041 | _aeng | ||
| 082 | _a658.049 GEO | ||
| 100 | _aGEORGE JOSE | ||
| 245 | _aWORKING CLASS MOVEMENT IN INDIA IN THE W | ||
| 260 |
_c2012 _aNew Delhi _bManohar Publishers & Distributors |
||
| 300 | _a470 : p. : cm. ; 22 | ||
| 365 |
_cRS _b25 |
||
| 999 |
_c21724 _d21724 |
||